| 000 | 00929nam a2200205 i 4500 | ||
|---|---|---|---|
| 001 | 152052 | ||
| 003 | ES-MaACL | ||
| 005 | 20230906204518.0 | ||
| 008 | 931025s1860 sp f |||| | spa d | ||
| 040 |
_aPAB _bspa _cPAB |
||
| 080 | _a623.1/.2 | ||
| 100 | 1 |
_aBernáldez y Fernández de Folgueras, Emilio. _9125954 |
|
| 245 | 1 | 3 |
_aLa fortificación moderna ó Consideraciones generales sobre el estado actual del arte de fortificar las plazas / _cpor Emilio Bernáldez. |
| 260 |
_aMadrid : _b[s.n.], _c1860 ( _fImprenta del Memorial de Ingenieros) |
||
| 300 |
_a174 p., [6] h. de lám. ; _c25 cm. |
||
| 650 | 4 |
_aFortificaciones. _9136136 |
|
| 740 | 0 | _aConsideraciones generales sobre el estado actual del arte de fortificar las plazas. | |
| 852 |
_aES-MaACL _jG-10662 _z-- Enc. cartón |
||
| 856 |
_uhttp://bibliotecadigitalhispanica.bne.es:80/webclient/DeliveryManager?pid=1838291&custom_att_2=simple_viewer _zIr a la página |
||
| 999 |
_c152052 _d152052 |
||